00702 a2200181 4500001000700000003000400007005001700011008004100028082002200069100001500091245003400106260004200140300001000182653015700192942001200349999001500361952014400376067451OSt20211210171554.0  a307.1216095bJ19L1 aJain, A.K.1 aLow carbon citycby A.K. Jain aNew DelhibDiscovery Publishingc2009 a476p. aIndia--Delhi; India; Urban ecology (Sociology); Atmospheric carbon dioxide--Environmental aspects; City planning--Climatic factors; Environmental policy 2ddccBK c1352d1352 00102ddc40708TXBaCURAJbCURAJd2012-03-07eECOg2000.00l1o307.1216095 J19Lp1737q2025-11-25r2025-09-26s2025-09-26w2020-09-02yBK